000 00505ntaaa2200181 4500
003 01
005 20251027202931.0
008 0714s1973 ag 01
040 _aAR-BaBN
_bspa
_cAR-BaBN
_eaacr
_dRIC
082 _a922.6742 Sp9
100 _aSpurgeon, Charles Haddon
_911688
245 _aC.H. Spurgeon
250 _a1 ed.
260 _aLondon :
_bBanner of Truth Trust,
_c1897, 1967
300 _axviii, 562 p
500 _aAutobiografía revisada. Publicado originalmente en cuatro tomos.
942 _cBK
999 _c24630
_d24630